|
|
|
|
| LEADER |
01175nam a2200385 4500 |
| 001 |
DLU210196526 |
| 005 |
##20210601 |
| 008 |
##020422s2001 njua b 000 0 eng d |
| 010 |
# |
# |
|a 2002280428
|
| 020 |
# |
# |
|a 9810247214
|
| 035 |
# |
# |
|a (OCoLC)ocm49251853
|
| 040 |
# |
# |
|a TEF
|c TEF
|d DLC
|
| 042 |
# |
# |
|a lccopycat
|
| 082 |
# |
# |
|a 530.11
|b HS-J
|
| 100 |
# |
# |
|a Hsu, J. P.
|q (Jong-Ping)
|
| 245 |
# |
# |
|a Lorentz and Poincaré invariance :
|b 100 years of relativity /
|c Jong-Ping Hsu, Yuan-Zhong Zhang.
|
| 260 |
# |
# |
|a River Edge, N.J. :
|b World Scientific,
|c c2001.
|
| 300 |
# |
# |
|a xxxi, 583 p. :
|b ill. ;
|c 26 cm.
|
| 440 |
# |
# |
|a Advanced series on theoretical physical science ;
|v v. 8
|
| 504 |
# |
# |
|a Includes bibliographical references.
|
| 650 |
# |
# |
|a Relativity (Physics)
|
| 650 |
# |
# |
|a Symmetry (Physics)
|
| 700 |
# |
# |
|a Zhang, Yuanzhong,
|d 1940-
|
| 856 |
# |
# |
|3 Table of contents
|u http://www.loc.gov/catdir/toc/fy031/2002280428.html
|
| 923 |
# |
# |
|a 01/2021
|
| 991 |
# |
# |
|a SH
|
| 992 |
# |
# |
|a 3563429
|
| 994 |
# |
# |
|a DLU
|
| 900 |
# |
# |
|a True
|
| 911 |
# |
# |
|a Nguyễn Thanh Hương
|
| 925 |
# |
# |
|a G
|
| 926 |
# |
# |
|a A
|
| 927 |
# |
# |
|a SH
|
| 980 |
# |
# |
|a Thư viện Trường Đại học Đà Lạt
|